000 00632nam a22002177a 4500
003 UA-OsUOA
001 133376
007 ta
008 20181022b un ||||| |||| 00| 0 ukr d
100 _aД"Аньєрі П.
090 _a32
_bД11
942 _cSA
040 _aUA-OsUOA
_bukr
_cUA-OsUOA
_dUA-OsUOA
245 _aГеополітика проти демократії: демократизація України і владні амбіції Росіїї
300 _aС.2-12
955 _a0
041 _aukr
080 _a32
773 0 _w133375
_tКритика
_dК.
_d2018
_g10
650 7 _a32 Політика
_2UDC
999 _c422411
_d422411